| 000 | 00650nam a2200181 a 4500 | ||
|---|---|---|---|
| 005 | 20140412111247.0 | ||
| 008 | 001129s19uu xx 00 eng d | ||
| 020 | _a1-55799-211-8 | ||
| 050 |
_aBB _bSc1 1991 |
||
| 100 | _aMoore, Jo Ellen | ||
| 245 |
_aThe big book of science rhymes and chants : _b32 ryhmes and chants to enrich your science program / _cJo Ellen Moore & Leslie Tryon. |
||
| 260 |
_aMonterey, CA : _bEvan-Moor Corp, _c1991. |
||
| 300 | _a63 p. ; ill. | ||
| 500 | _aTopics include: Animals, objects in space, Habitats, Plants, Metamorphosis, Weather, Adaptations | ||
| 650 | _aScience rhymes | ||
| 650 | _aChants | ||
| 999 |
_c102995 _d102995 |
||